000 00486nam a2200181Ia 4500
001 1397
005 20260306143725.0
008 260306t2016||||xx |||||||||||||| ||spa||
041 _aESP
082 _a150
_bC77
100 _aCoon, Dennis
_eAUT
245 0 _aIntroducción a la psicología:
_bel acceso a la mente y la conducta: mapas conceptuales y comentarios
260 _c2016
300 _a643 páginas :
_c27 cm.
650 _aGEN
654 _aCPS
942 _cLIB
_dJUS
_fJUS
_2ddc
_n
999 _c1397
_d1397